Statistics for Best Supporting Actress Oscar Nominees

Click here to take the quiz!

General Stats

  • This quiz has been taken 6,405 times
    (5,534 since last reset)
  • The average score is 143 of 308

Answer Stats

YearActress% Correct
1978Meryl Streep
92%
2008Viola Davis
91%
1988Geena Davis
89%
1992Judy Davis
88%
1998Judi Dench
83%
1965Maggie Smith
83%
2002Catherine Zeta-Jones
82%
2014Emma Stone
82%
1944Jennifer Jones
80%
1997Julianne Moore
80%
2016Nicole Kidman
80%
2005Amy Adams
79%
1957Carolyn Jones
79%
2012Helen Hunt
79%
1989Julia Roberts
79%
1995Kate Winslet
79%
1983Linda Hunt
79%
1960Shirley Jones
79%
2013Jennifer Lawrence
78%
1959Juanita Moore
78%
1952Terry Moore
78%
2012Anne Hathaway
77%
2004Cate Blanchett
77%
1993Holly Hunter
76%
1960Janet Leigh
75%
2015Jennifer Jason Leigh
75%
1951Kim Hunter
75%
1993Emma Thompson
74%
2012Sally Field
74%
1999Angelina Jolie
73%
1981Jane Fonda
72%
1982Jessica Lange
72%
1974Ingrid Bergman
71%
1976Jodie Foster
71%
2005Michelle Williams
71%
2011Octavia Spencer
71%
2008Penelope Cruz
71%
1958Cara Williams
70%
1994Helen Mirren
70%
1957Hope Lange
70%
2004Natalie Portman
70%
2003Renee Zellweger
70%
1990Whoopi Goldberg
70%
1960Shirley Knight
69%
1983Cher
68%
1998Kathy Bates
67%
1955Natalie Wood
67%
1965Peggy Wood
67%
1982Glenn Close
66%
2006Jennifer Hudson
66%
1998Lynn Redgrave
66%
1988Sigourney Weaver
66%
1977Vanessa Redgrave
66%
1993Anna Paquin
65%
1969Goldie Hawn
65%
2010Jacki Weaver
65%
2000Kate Hudson
65%
2014Keira Knightley
65%
2014Laura Dern
65%
1953Grace Kelly
64%
1993Winona Ryder
64%
1971Barbara Harris
63%
1992Marisa Tomei
63%
2016Naomie Harris
63%
1994Rosemary Harris
63%
1988Frances McDormand
62%
1953Geraldine Page
62%
1991Jessica Tandy
62%
1996Juliette Binoche
62%
2004Laura Linney
62%
1985Anjelica Huston
61%
1990Annette Bening
61%
2013Lupita Nyong'o
61%
2010Melissa Leo
61%
2015Alicia Vikander
60%
1971Ellen Burstyn
60%
1961Judy Garland
60%
1988Michelle Pfeiffer
60%
2009Mo'Nique
59%
1939Olivia de Havilland
59%
2014Patricia Arquette
59%
2010Helena Bonham Carter
58%
2011Jessica Chastain
58%
1973Tatum O'Neal
58%
2001Jennifer Connelly
57%
1997Kim Basinger
57%
2015Rooney Mara
57%
1967Beah Richards
56%
1944Ethel Barrymore
56%
1960Glynis Johns
56%
1995Mira Sorvino
56%
2015Rachel McAdams
56%
2005Rachel Weisz
56%
2007Saoirse Ronan
56%
1994Uma Thurman
56%
1986Dianne Wiest
55%
1939Hattie McDaniel
55%
1985Oprah Winfrey
55%
1961Rita Moreno
55%
1995Joan Allen
54%
1996Lauren Bacall
54%
1959Shelley Winters
54%
1974Talia Shire
54%
1992Miranda Richardson
53%
1970Helen Hayes
52%
1943Lucile Watson
52%
1987Olypia Dukakis
52%
2007Amy Ryan
51%
2007Tilda Swinton
51%
2000Julie Walters
50%
1967Katharine Ross
50%
1955Peggy Lee
50%
1941Teresa Wright
50%
1946Anne Baxter
49%
2013Sally Hawkins
49%
1998Brenda Blethyn
48%
2000Marcia Gay Harden
48%
1980Mary Steenburgen
48%
2011Melissa McCarthy
48%
1984Peggy Ashcroft
48%
1947Celeste Holm
47%
1991Juliette Lewis
47%
1991Mercedes Ruehl
47%
1999Samantha Morton
47%
1958Wendy Hiller
47%
1954Eva Marie Saint
46%
1962Patty Duke
46%
2002Queen Latifah
46%
2011Janet McTeer
45%
1998Rachel Griffiths
45%
1944Angela Lansbury
44%
1973Candy Clark
44%
1953Donna Reed
44%
2013June Squibb
44%
1950Thelma Ritter
44%
1974Diane Ladd
43%
1997Gloria Stuart
43%
1975Lily Tomlin
43%
1958Maureen Stapleton
43%
2006Abigail Breslin
42%
1976Beatrice Straight
42%
1976Jane Alexander
42%
1994Jennifer Tilly
42%
1973Linda Blair
42%
1985Meg Tilly
42%
1976Piper Laurie
42%
2009Anna Kendrick
41%
1971Ann-Margret
41%
1996Barbra Hershey
41%
1955Betsy Blair
41%
1989Brenda Fricker
41%
1963Edith Evans
41%
2009Maggie Gyllenhaal
41%
1941Mary Astor
41%
1990Mary McDonnell
41%
1997Minnie Driver
41%
2008Taraji P. Henson
41%
1999Toni Collette
41%
2009Vera Farmiga
41%
1983Alfre Woodard
40%
1936Gale Sondergaard
40%
1970Karen Black
40%
1995Kathleen Quinlan
40%
2003Patricia Clarkson
40%
1971Cloris Leachman
39%
1967Estelle Parsons
39%
1938Fay Bainter
39%
1948Jean Simmons
39%
1992Joan Plowright
39%
1951Lee Grant
39%
1964Lila Kedrova
39%
1995Mare Winningham
39%
2007Ruby Dee
39%
1987Anne Archer
38%
2011Berenice Bejo
38%
1999Catherine Keener
38%
1956Dorothy Malone
38%
2010Hailee Steinfeld
38%
1988Joan Cusack
38%
1940Judith Anderson
38%
1949Mercedes McCambridge
38%
1957Miyoshi Umeki
38%
1982Teri Garr
38%
1936Alice Brady
37%
1979Candice Bergen
37%
1967Carol Channing
37%
1956Eileen Heckart
37%
1942Gladys Cooper
37%
1964Grayson Hall
37%
1950Josephine Hull
37%
1990Lorraine Bracco
37%
1963Margaret Rutherford
37%
1979Mariel Hemingway
37%
2006Rinko Kikuchi
37%
1966Sandy Dennis
37%
1969Sylvia Miles
37%
2006Adriana Barraza
36%
1989Lena Olin
36%
1946Lillian Gish
36%
1973Madeline Kahn
36%
1986Mary Elizabeth Mastrantonio
36%
1965Ruth Gordon
36%
2004Sophie Okonedo
36%
2004Virginia Madsen
36%
1999Chloë Sevigny
35%
1984Christine Lahti
35%
1977Melinda Dillon
35%
1993Rosie Perez
35%
1970Sally Kellerman
35%
1986Tess Harper
35%
1983Amy Irving
34%
1943Anne Revere
34%
1975Brenda Vaccaro
34%
1980Cathy Moriarty
34%
1955Jo Van Fleet
34%
1943Katina Paxinou
34%
1982Lesley Ann Warren
34%
1996Marianne Jean-Baptiste
34%
1977Quinn Cummings
34%
1968Sondra Locke
34%
1987Anne Ramsey
33%
1987Ann Sothern
33%
1936Beulah Bondi
33%
1980Diana Scarwid
33%
1981Elizabeth McGovern
33%
1949Ethel Waters
33%
1945Eve Arden
33%
1954Katy Jurado
33%
1977Leslie Browne
33%
1985Margaret Avery
33%
1956Patty McCormack
33%
2003Shohreh Aghdashloo
33%
1969Catherine Burns
32%
1937Claire Trevor
32%
1957Diane Varsi
32%
1980Eileen Brennan
32%
1950Nancy Olson
32%
1943Paulette Goddard
32%
1978Penelope Milford
32%
1977Tuesday Weld
32%
1940Barbara O'Neil
31%
1963Diane Cilento
31%
1946Flora Robson
31%
1950Hope Emerson
31%
1991Kate Nelligan
31%
1963Lilia Skala
31%
1936Maria Ouspenskaya
31%
1967Mildred Natwick
31%
1979Barbara Barrie
30%
1948Barbara Bel Geddes
30%
1949Elsa Lanchester
30%
1940Jane Darwell
30%
1981Joan Hackett
30%
1984Lindsay Crouse
30%
1951Mildred Dunnock
30%
1954Nina Foch
30%
1975Ronee Blakley
30%
1973Sylvia Sidney
30%
1985Amy Madigan
29%
1937Anne Shirley
29%
1938Billie Burke
29%
1969Dyan Cannon
29%
1947Gloria Grahame
29%
1959Hermione Baddeley
29%
1954Jan Sterling
29%
1972Jeannie Berlin
29%
1982Kim Stanley
29%
1961Lotte Lenya
29%
1968Lynn Carlin
29%
1955Marisa Pavan
29%
1962Mary Badham
29%
1958Peggy Cass
29%
1959Susan Kohner
29%
1969Susannah York
29%
1961Una Merkel
29%
1936Bonita Granville
28%
1939Edna May Oliver
28%
1980Eva Le Gallienne
28%
1963Joyce Redman
28%
1971Margaret Leighton
28%
1960Mary Ure
28%
1937May Whitty
28%
1974Valentina Cortese
28%
1945Ann Blyth
27%
1948Ellen Corby
27%
1952Jean Hagen
27%
1966Jocelyne LaGarde
27%
1947Marjorie Main
27%
1940Marjorie Rambeau
27%
1958Martha Hyer
27%
1941Patricia Collinge
27%
1940Ruth Hussey
27%
1944Aline MacMahon
26%
1952Colette Marchand
26%
1987Norma Aleandro
26%
1941Sara Allgood
26%
1938Spring Byington
26%
1937Andrea Leeds
25%
1951Joan Blondell
25%
1941Margaret Wycherly
25%
1938Miliza Korjus
25%
1942Susan Peters
25%
1966Vivien Merchant
25%
1942Agnes Moorehead
24%
1968Kay Medford
24%
1939Geraldine Fitzgerald
23%
1972Susan Tyrrell
23%
1945Joan Lorring
21%

Score Distribution

Percentile by Number Answered

Percent of People with Each Score

Your Score History

You have not taken this quiz since the last reset